[Event "HUN Youth Ch U18 Boys Final"]
[Site "?"]
[Date "2013.06.28"]
[Round "8.2"]
[White "Hajas, Tamas"]
[Black "Kemendi, Daniel"]
[Result "0-1"]
[WhiteElo "1960"]
[BlackElo "1800"]
[PlyCount "80"]
[EventDate "2013.??.??"]

1. e4 c6 2. d4 d5 3. Nc3 dxe4 4. Nxe4 Bf5 5. Ng3 Bg6 6. Nh3 e6 7. Bc4 Nf6 8.
O-O Bd6 9. f4 O-O 10. f5 exf5 11. Nxf5 Bc7 12. Bg5 Kh8 13. Nxg7 Nbd7 14. Nf5
Qb8 15. Ng3 Ne4 16. Bf4 Nxg3 17. hxg3 Nb6 18. Bd3 Nd5 19. c4 Bxf4 20. cxd5 Bxg3
21. dxc6 bxc6 22. Qc2 Qd6 23. Rad1 Rad8 24. Bxg6 hxg6 25. Ng5 Bf4 26. Ne4 Be3+
27. Kh1 Kg7 28. g3 Qd5 29. Rf3 Rh8+ 30. Kg2 Qh5 31. Rxf7+ Kxf7 32. Qb3+ Qd5 33.
Qxe3 Kg7 34. Qf4 Rhf8 35. Qg4 Rde8 36. Re1 Qxd4 37. Re2 Qd1 38. Kh2 Rh8+ 39.
Kg2 Qh1+ 40. Kf2 Rh2+ 0-1

[Event "HUN Youth Ch U18 Boys Final"]
[Site "Balatonlelle"]
[Date "2013.06.28"]
[Round "8.3"]
[White "Tesik, Csaba"]
[Black "Horvath, David"]
[Result "0-1"]
[WhiteElo "2351"]
[BlackElo "2371"]
[PlyCount "118"]
[EventDate "2013.??.??"]

1. e4 c6 2. d4 d5 3. e5 c5 4. dxc5 e6 5. Be3 Nh6 6. f4 Nd7 7. Bb5 Qa5+ 8. Nc3
a6 9. Bd3 Nxc5 10. Nf3 Bd7 11. O-O Nxd3 12. Qxd3 Nf5 13. Bf2 Bb4 14. Nd4 Nxd4
15. Bxd4 Rc8 16. Qe3 O-O 17. a3 Bc5 18. Ne2 Be7 19. Rf2 Rxc2 20. Bc3 Qc7 21.
Qd3 Rxe2 22. Qxe2 Bc5 23. Kh1 Bb5 24. Qd2 Bxf2 25. Qxf2 Bd3 26. Rd1 Be4 27. h3
Rc8 28. Kh2 h6 29. Rd4 Qb6 30. Qe3 Qb3 31. Rd2 Rc4 32. Bd4 Qb5 33. Bc3 Rc6 34.
Kg1 Qb3 35. Kf2 b6 36. Bd4 Qb5 37. Bc3 a5 38. Qe2 Qb3 39. Qe3 h5 40. Bd4 Qb5
41. Bc3 Qa4 42. Rd4 Qc2+ 43. Rd2 Qa4 44. Rd4 Qb3 45. Rd2 Qa2 46. Bd4 Qb1 47.
Kg3 b5 48. Bc3 Qh1 49. Qe2 Rc4 50. Bxa5 g5 51. Qf2 Bg6 52. fxg5 h4+ 53. Kf3
Bh5+ 54. Ke3 Re4+ 55. Kd3 Qb1+ 56. Kc3 Rc4+ 57. Kb3 Bd1+ 58. Rxd1 Qxd1+ 59. Ka2
Rc1 0-1

[Event "HUN Youth Ch U18 Boys Final"]
[Site "?"]
[Date "2013.06.28"]
[Round "8.4"]
[White "Bodi, Tibor"]
[Black "Grimm, Daniel"]
[Result "0-1"]
[WhiteElo "2043"]
[BlackElo "2275"]
[PlyCount "146"]
[EventDate "2013.??.??"]

1. e4 d6 2. d4 Nf6 3. Nc3 Nbd7 4. f4 e5 5. dxe5 dxe5 6. fxe5 Nxe5 7. Qxd8+ Kxd8
8. Bf4 Bd6 9. O-O-O Ke7 10. h3 Nd3+ 11. cxd3 Bxf4+ 12. Kc2 c6 13. Nf3 Rd8 14.
d4 Be6 15. Bd3 b5 16. Kb1 Be3 17. Bc2 Nh5 18. Rhe1 Bf4 19. d5 Bd7 20. g4 Ng3
21. Nd4 b4 22. Na4 cxd5 23. exd5+ Kd6 24. b3 Re8 25. Ne6 Bxa4 26. Nxf4 Rxe1 27.
Rxe1 Bb5 28. Bd3 Re8 29. Rxe8 Bxe8 30. Bxh7 g6 31. h4 Ke5 32. Nd3+ Kf6 33. Nc5
Ke5 34. Nd3+ Kxd5 35. Nxb4+ Ke5 36. h5 gxh5 37. gxh5 Nxh5 38. Kc2 f5 39. Bxf5
Kxf5 40. Kc3 Ke5 41. Nd3+ Kd6 42. Kb4 Kc7 43. Ka3 Kb6 44. Kb2 Nf6 45. a3 Ne4
46. b4 Kb5 47. Nc5 Nf6 48. Nb3 Nd5 49. Nd2 Nb6 50. Ne4 Na4+ 51. Kc1 Bg6 52.
Nd6+ Kc6 53. Nc4 Kd5 54. Nb2 Nb6 55. a4 Kd4 56. Kd2 Nd5 57. b5 Nc3 58. Kc1 Kc5
59. Nd1 Nxa4 60. Nb2 Nc3 61. Kd2 Nb1+ 62. Kc1 Kxb5 63. Nd1 Kb4 64. Kb2 Nd2 65.
Ne3 Be4 66. Nd1 Nc4+ 67. Ka1 Kb3 68. Nf2 Bd5 69. Ne4 Na3 70. Nc5+ Kc2 71. Nb3
Kc3 72. Na5 Kb4 73. Kb2 Nb5 0-1

[Event "HUN Youth Ch U18 Boys Final"]
[Site "?"]
[Date "2013.06.28"]
[Round "8.5"]
[White "Nemeth, Gergely"]
[Black "Amstadt, Aron"]
[Result "1/2-1/2"]
[WhiteElo "1987"]
[BlackElo "2346"]
[PlyCount "190"]
[EventDate "2013.??.??"]

1. d4 Nf6 2. c4 Nc6 3. Nf3 e6 4. g3 Bb4+ 5. Bd2 Qe7 6. Bg2 Bxd2+ 7. Nbxd2 d6 8.
O-O O-O 9. e4 e5 10. d5 Nb8 11. Ne1 a5 12. Nd3 Bg4 13. f3 Bd7 14. Qc2 Na6 15.
Rae1 c6 16. f4 exf4 17. gxf4 cxd5 18. e5 Ng4 19. Bxd5 dxe5 20. Ne4 Nb4 21. Nxb4
axb4 22. Ng5 Qc5+ 23. Kh1 g6 24. Qg2 Ne3 25. Qg1 exf4 26. Rxf4 Nxd5 27. Qxc5
Nxf4 28. Qd4 Bc6+ 29. Kg1 Nh5 30. Re7 Rad8 31. Qe5 Rd1+ 32. Kf2 Rfd8 33. Nxf7
R8d2+ 34. Ke3 Rd3+ 35. Kf2 Kf8 36. Nh6 Rf3+ 37. Ke2 Rdf1 38. Kd2 R3f2+ 39. Kd3
Rg2 40. Kd4 b6 41. Rf7+ Rxf7 42. Nxf7 Rg4+ 43. Kd3 Be4+ 44. Ke3 Kxf7 45. h3 Rf4
46. Qc7+ Kg8 47. Qxb6 Bf5 48. Qxb4 Re4+ 49. Kd2 Nf4 50. Qb8+ Kg7 51. c5 Re2+
52. Kc3 Rc2+ 53. Kb3 Ne6 54. Qe5+ Kf7 55. a4 Nxc5+ 56. Ka3 Nd3 57. Qd5+ Kg7 58.
a5 Rxb2 59. a6 Re2 60. a7 Be4 61. a8=Q Bxd5 62. Qxd5 Ne5 63. Kb3 Kf6 64. Qd8+
Kf5 65. Qf8+ Kg5 66. Qe7+ Kf4 67. Qh4+ Kf5 68. Qxh7 Rh2 69. Qh4 g5 70. Qg3 Re2
71. Qg1 Re4 72. Qf2+ Rf4 73. Qg2 Rh4 74. Qc2+ Kf6 75. Qf2+ Rf4 76. Qb6+ Kf5 77.
Kc2 Rf3 78. Qc5 Ke4 79. Qb4+ Kf5 80. Qf8+ Ke6 81. Qh6+ Kf5 82. Qf8+ Ke4 83. Qh6
Rg3 84. h4 g4 85. Qh7+ Ke3 86. Qe7 Ke4 87. h5 Rh3 88. Qg7 Rxh5 89. Qb7+ Kf4 90.
Qb4+ Kg3 91. Qe1+ Kf4 92. Qb4+ Kg5 93. Qe7+ Kg6 94. Qe8+ Kh6 95. Qh8+ Kg6
1/2-1/2

[Event "HUN Youth Ch U18 Boys Final"]
[Site "?"]
[Date "2013.06.29"]
[Round "9.1"]
[White "Amstadt, Aron"]
[Black "Markos, Adam"]
[Result "1-0"]
[WhiteElo "2346"]
[BlackElo "2073"]
[PlyCount "75"]
[EventDate "2013.??.??"]

1. d4 d5 2. c4 c6 3. e3 Nf6 4. Nc3 e6 5. Nf3 Nbd7 6. Qc2 Bd6 7. Bd3 O-O 8. O-O
dxc4 9. Bxc4 e5 10. Rd1 Qe7 11. a3 h6 12. e4 Nb6 13. dxe5 Bxe5 14. Nxe5 Qxe5
15. Bf1 Ng4 16. g3 Qh5 17. f4 Qc5+ 18. Kg2 Be6 19. h3 Bb3 20. Qe2 Bxd1 21. Nxd1
Nf6 22. e5 Nfd5 23. b4 Qe7 24. Qe4 f5 25. Qf3 Kh8 26. Bd3 a5 27. g4 axb4 28.
gxf5 bxa3 29. Nf2 a2 30. Ng4 Qh4 31. f6 gxf6 32. exf6 Nxf6 33. Bb2 Ra4 34. Nxf6
Rxf6 35. Qe3 Raxf4 36. Qe8+ Kg7 37. Qg6+ Kf8 38. Ba3+ 1-0

[Event "HUN Youth Ch U18 Boys Final"]
[Site "?"]
[Date "2013.06.29"]
[Round "9.2"]
[White "Grimm, Daniel"]
[Black "Nemeth, Gergely"]
[Result "1-0"]
[WhiteElo "2275"]
[BlackElo "1987"]
[PlyCount "59"]
[EventDate "2013.??.??"]

1. e4 c5 2. Nf3 e6 3. d4 cxd4 4. Nxd4 a6 5. Bd3 Nf6 6. O-O Qc7 7. Qe2 d6 8. c4
Be7 9. Nc3 Nc6 10. Nf3 O-O 11. Rd1 b6 12. h3 Bb7 13. Bf4 Nd7 14. Rac1 Rac8 15.
Nd5 Qd8 16. Nxe7+ Qxe7 17. Bb1 e5 18. Be3 Nc5 19. b3 h6 20. Qd2 Nd4 21. Nxd4
exd4 22. Qxd4 Nxe4 23. Bxe4 Qxe4 24. Qxe4 Bxe4 25. Bxb6 Rc6 26. Be3 Bf5 27. Rd2
a5 28. Rd5 Be6 29. Rxa5 d5 30. cxd5 1-0

[Event "HUN Youth Ch U18 Boys Final"]
[Site "?"]
[Date "2013.06.29"]
[Round "9.3"]
[White "Horvath, David"]
[Black "Bodi, Tibor"]
[Result "1-0"]
[WhiteElo "2371"]
[BlackElo "2043"]
[PlyCount "57"]
[EventDate "2013.??.??"]

1. d4 f5 2. Bg5 g6 3. Nc3 d5 4. e3 Bg7 5. Nf3 Nf6 6. Bd3 O-O 7. Bf4 b6 8. Nb5
Na6 9. c4 c6 10. Nc3 Ne4 11. Qa4 e6 12. cxd5 Nxc3 13. bxc3 b5 14. Qb3 exd5 15.
a4 bxa4 16. Qxa4 Nb8 17. O-O Bd7 18. Qb3 Qc8 19. Ra5 Be8 20. c4 Bf7 21. Ng5 Qd8
22. Rfa1 Nd7 23. Nxf7 Rxf7 24. cxd5 c5 25. d6 Rc8 26. Qa2 Nb6 27. Rxc5 Bf8 28.
Rc7 Qf6 29. Be5 1-0

[Event "HUN Youth Ch U18 Boys Final"]
[Site "?"]
[Date "2013.06.29"]
[Round "9.4"]
[White "Kemendi, Daniel"]
[Black "Tesik, Csaba"]
[Result "0-1"]
[WhiteElo "1800"]
[BlackElo "2351"]
[PlyCount "34"]
[EventDate "2013.??.??"]

1. c4 Nf6 2. g3 g6 3. Nc3 Bg7 4. d3 O-O 5. Bg2 d6 6. Bg5 h6 7. Bd2 e5 8. e4 Na6
9. f3 c6 10. Be3 d5 11. exd5 cxd5 12. Bf2 d4 13. Ne4 Qb6 14. Nxf6+ Bxf6 15. Qd2
Nc5 16. Bh3 Bg5 17. Qc2 Qxb2 0-1

[Event "HUN Youth Ch U18 Boys Final"]
[Site "?"]
[Date "2013.06.29"]
[Round "9.5"]
[White "Palla, Akos Botond"]
[Black "Hajas, Tamas"]
[Result "1/2-1/2"]
[WhiteElo "2049"]
[BlackElo "1960"]
[PlyCount "93"]
[EventDate "2013.??.??"]

1. e4 c6 2. d4 d5 3. e5 Bf5 4. Nf3 e6 5. Be2 Nd7 6. O-O Bg6 7. Nbd2 Nh6 8. Nb3
Nf5 9. a4 Be7 10. a5 O-O 11. Bf4 b6 12. Qd2 c5 13. c4 dxc4 14. Bxc4 cxd4 15.
Nfxd4 Nxd4 16. Nxd4 Rc8 17. Nxe6 fxe6 18. Bxe6+ Kh8 19. Bxd7 Rc2 20. Qd4 Bc5
21. Qa4 Rxb2 22. Bg3 Rb4 23. Qc6 Be4 24. Qe6 Bf5 25. Qxf5 Rxf5 26. Bxf5 h5 27.
h3 h4 28. Bh2 Rb2 29. axb6 Rxb6 30. Rxa7 Rb2 31. Raa1 g5 32. Rad1 Qb6 33. Kh1
Bxf2 34. e6 Re2 35. Rb1 Qc5 36. Bg4 Re4 37. Rbc1 Qb6 38. Bc7 Qb2 39. Bd6 Rxg4
40. hxg4 h3 41. e7 hxg2+ 42. Kxg2 Bc5+ 43. Kf3 Qb3+ 44. Ke4 Qe6+ 45. Kf3 Qd5+
46. Ke2 Qe4+ 47. Kd2 1/2-1/2